Southernmost Capital Cities - Statistics

General Stats
  • This quiz has been taken 1,981 times
    1,960 since last reset
  • The average score is 13 of 20
Answer Stats
latitude capital % Correct
41.28 Wellington
95%
35.30 Canberra
94%
25.73 Pretoria
93%
34.60 Buenos Aires
92%
33.45 Santiago
92%
34.88 Montevideo
84%
15.78 Brasília
74%
16.50 La Paz
69%
25.27 Asunción
68%
22.57 Windhoek
67%
17.85 Harare
61%
18.93 Antananarivo
60%
25.97 Maputo
60%
24.65 Gaborone
55%
18.13 Suva
52%
26.32 Mbabane
51%
29.30 Maseru
49%
20.15 Port Louis
41%
17.75 Port Vila
38%
21.13 Nuku'alofa
37%
No matching quizzes found
Score Distribution
Percent of People with Each Score
Percentile by Number Answered
Your Score History
You have not taken this quiz since the last reset